[Event "Youth Classic 2018 - Youth Open U14"]
[Site "Bad Soden-Neuenhain, Bürgerhau"]
[Date "2018.10.01"]
[Round "5.7"]
[White "Haller, Andreas"]
[Black "Abou Wally, Adrian"]
[Result "0-1"]
[WhiteElo "1185"]
[BlackElo "1313"]
[PlyCount "114"]
[EventDate "2018.??.??"]
[WhiteTeam "SC Bad Soden"]
[BlackTeam "SV Schott Jena"]

1. e4 e5 2. Nf3 Nc6 3. Bc4 Bc5 4. c3 Nf6 5. d4 exd4 6. cxd4 Bb4+ 7. Bd2 Bxd2+
8. Nbxd2 d5 9. exd5 Nxd5 10. Qb3 Nce7 11. O-O O-O 12. Rfe1 Nb6 13. Bd3 Be6 14.
Qc2 g6 15. Rac1 c6 16. b3 Bf5 17. Ne4 Ned5 18. Qc5 Re8 19. Ne5 Qe7 20. Qxe7
Rxe7 21. Bc2 Rae8 22. f3 Rd8 23. Ng4 Kg7 24. Rcd1 Rde8 25. Rd2 Nc3 26. Ngf2
Nxa2 27. Ra1 Nc3 28. Ng3 Re1+ 29. Rxe1 Rxe1+ 30. Nf1 Bxc2 31. Rxc2 Ne2+ 32.
Rxe2 Rxe2 33. Nd3 Nd5 34. Nc5 b6 35. Nd7 Ne3 36. Ng3 Rb2 37. Ne4 Rxb3 38. Nd6
Rd3 39. Ne8+ Kh6 40. Ndf6 Rxd4 41. Ng8+ Kg5 42. Nef6 Kf5 43. Kf2 Nd5 44. g4+
Ke6 45. Nxh7 a5 46. Ng5+ Kd7 47. Nxf7 a4 48. Ne5+ Kd6 49. Nxg6 a3 50. h4 a2 51.
h5 a1=Q 52. Kg2 Rd2+ 53. Kg3 Qg7 54. g5 Qxg8 55. Kg4 Rd4+ 56. f4 Nxf4 57. Nxf4
Qf7 0-1

[Event "Youth Classic 2018 - Youth Open U14"]
[Site "Bad Soden-Neuenhain, Bürgerhau"]
[Date "2018.10.01"]
[Round "5.8"]
[White "Buchholz, Maja"]
[Black "Ruppert, Henry"]
[Result "1-0"]
[WhiteElo "1327"]
[BlackElo "1162"]
[PlyCount "83"]
[EventDate "2018.??.??"]
[WhiteTeam "SK Langen"]
[BlackTeam "SC Flörsheim"]

1. c4 f5 2. Nc3 Nf6 3. Nf3 g6 4. g3 Bg7 5. Bg2 O-O 6. O-O d6 7. Qc2 Nc6 8. Rb1
e5 9. d3 h6 10. b4 Be6 11. a3 Nh5 12. Bb2 Qd7 13. e3 g5 14. Qe2 Nf6 15. Rfe1
Nh7 16. d4 Ne7 17. dxe5 dxe5 18. Rbd1 Qe8 19. Nb5 e4 20. Nfd4 Qf7 21. Nxe6 Qxe6
22. Bxg7 Kxg7 23. Nxc7 Qe5 24. Nxa8 Rxa8 25. Rd7 b6 26. Red1 Nf6 27. Rb7 Kg6
28. Qd2 Qe6 29. Qd6 Qxd6 30. Rxd6 Kf7 31. Bh3 Ne8 32. Rdd7 Kf6 33. Rxe7 Nd6 34.
Rbc7 Nxc4 35. Rf7+ Ke6 36. Bxf5+ Ke5 37. Rxc4 Rd8 38. Rd7 Rxd7 39. Bxd7 Kd5 40.
Rd4+ Ke5 41. g4 Kf6 42. b5 1-0

[Event "Youth Classic 2018 - Youth Open U14"]
[Site "Bad Soden-Neuenhain, Bürgerhau"]
[Date "2018.10.01"]
[Round "5.9"]
[White "Haller, Christian"]
[Black "Tryfon, Konstantin"]
[Result "1/2-1/2"]
[WhiteElo "1160"]
[BlackElo "1159"]
[PlyCount "62"]
[EventDate "2018.??.??"]
[WhiteTeam "SC Bad Soden"]
[BlackTeam "SV Hofheim"]

1. e4 e5 2. Nf3 Nc6 3. Bc4 Nf6 4. Nc3 Nxe4 5. Nxe4 d5 6. Bxd5 Qxd5 7. Nc3 Qd8
8. d3 Bg4 9. h3 Bf5 10. Qe2 Bd6 11. Bf4 O-O 12. Bh2 Nd4 13. Qd1 Re8 14. O-O c6
15. Re1 Qc7 16. Ne4 f6 17. Nxd6 Qxd6 18. Nxd4 Qxd4 19. Rb1 Qd5 20. a3 c5 21. b3
Bd7 22. c4 Qc6 23. b4 b6 24. b5 Qb7 25. Re4 Re6 26. Qh5 Rf8 27. Rh4 h6 28. Qg6
f5 29. Qg3 Rff6 30. Qe3 Rg6 31. f3 f4 1/2-1/2

[Event "Youth Classic 2018 - Youth Open U14"]
[Site "Bad Soden-Neuenhain, Bürgerha"]
[Date "2018.10.01"]
[Round "5.10"]
[White "Burkart, Lloyd Shang"]
[Black "Hery, Bastian"]
[Result "1/2-1/2"]
[WhiteElo "1157"]
[BlackElo "1096"]
[PlyCount "144"]
[EventDate "2018.??.??"]
[WhiteTeam "TuS Makkabi"]
[BlackTeam "Vorw.Orient Mainz"]

1. d4 e6 2. c4 Nf6 3. Nc3 Bb4 4. Qc2 d5 5. Nf3 O-O 6. Bf4 Nbd7 7. cxd5 Bxc3+ 8.
bxc3 Nxd5 9. Bg3 N7b6 10. e4 Ne7 11. Bd3 Bd7 12. O-O Ba4 13. Qe2 Qd7 14. Rfe1
a6 15. e5 Qc6 16. Qe4 Qxe4 17. Bxe4 Bc6 18. Bxc6 Nxc6 19. Rac1 Rfd8 20. Red1
Rd5 21. Bf4 Nc4 22. Nd2 N6a5 23. Rb1 b5 24. Nxc4 Nxc4 25. Rb4 a5 26. Rb3 Rad8
27. Rdb1 b4 28. Be3 c5 29. h3 Nxe3 30. fxe3 c4 31. R3b2 bxc3 32. Rc2 R5d7 33.
Rxc3 Rc7 34. Rbc1 Rdc8 35. e4 Kf8 36. Kf2 Ke7 37. Ke3 f6 38. exf6+ gxf6 39. Kf4
Kd6 40. Rd1 Rg8 41. g4 Rh8 42. e5+ Ke7 43. Rdc1 Rhc8 44. Ra3 fxe5+ 45. Kxe5 Ra8
46. Rcc3 a4 47. d5 Ra5 48. Ke4 exd5+ 49. Kd4 Kd6 50. h4 Re7 51. Re3 Re6 52. g5
Ra7 53. Rxe6+ Kxe6 54. Re3+ Kd6 55. Re5 Re7 56. Rxd5+ Kc6 57. Rc5+ Kb6 58. Rxc4
Kb5 59. Rc2 Kb4 60. h5 Rg7 61. Rg2 Ka3 62. g6 hxg6 63. hxg6 Rd7+ 64. Ke5 Rb7
65. g7 Rxg7 66. Rxg7 Kxa2 67. Rb7 a3 68. Kd4 Ka1 69. Kd3 a2 70. Rh7 Kb2 71.
Rh2+ Kb1 72. Rh1+ Kb2 1/2-1/2

[Event "Youth Classic 2018 - Youth Open U14"]
[Site "Bad Soden-Neuenhain, Bürgerhau"]
[Date "2018.10.01"]
[Round "5.11"]
[White "Viebahn, Tim"]
[Black "Riemann, Adrian"]
[Result "1/2-1/2"]
[WhiteElo "1154"]
[BlackElo "933"]
[PlyCount "92"]
[EventDate "2018.??.??"]
[WhiteTeam "SV Oberursel"]
[BlackTeam "SK Bickenbach"]

1. d4 e6 2. Bf4 d5 3. Nc3 Nf6 4. a3 c5 5. e3 Nc6 6. Nb5 Qb6 7. Nc7+ Kd7 8. Nxa8
Qxb2 9. Nf3 cxd4 10. exd4 Bxa3 11. Qb1 Qxb1+ 12. Rxb1 Bb4+ 13. Bd2 Bxd2+ 14.
Nxd2 Nxd4 15. Bb5+ Kd6 16. Ba4 Bd7 17. Bb3 Rxa8 18. O-O Ne2+ 19. Kh1 Bb5 20.
Bxd5 Nxd5 21. Rxb5 b6 22. Re1 Ndc3 23. Rb4 Na2 24. Ra4 Nac3 25. Ne4+ Nxe4 26.
Rxe4 Nc3 27. Rd4+ Nd5 28. c4 a5 29. cxd5 exd5 30. Rb1 Kc5 31. Rbd1 Rd8 32. Rg4
g6 33. Re1 Rd7 34. Rc1+ Kb5 35. Rf4 f5 36. g4 fxg4 37. Rxg4 d4 38. Rg5+ Kb4 39.
Rg4 b5 40. Rg5 a4 41. Rb1+ Kc3 42. Rgxb5 d3 43. Rd1 d2 44. Rbb1 a3 45. Kg2 Re7
46. Kf1 Re1+ 1/2-1/2

[Event "Youth Classic 2018 - Youth Open U14"]
[Site "Bad Soden-Neuenhain, Bürgerhau"]
[Date "2018.10.01"]
[Round "5.12"]
[White "Schmid, Leon"]
[Black "Nastassine, Alexey"]
[Result "1-0"]
[WhiteElo "1144"]
[BlackElo "881"]
[PlyCount "73"]
[EventDate "2018.??.??"]
[WhiteTeam "SF Heidesheim"]
[BlackTeam "Frankfurter TV"]

1. e4 e5 2. Nf3 Bc5 3. Nc3 Nf6 4. Bc4 Nc6 5. h3 h6 6. d3 d6 7. Bd2 O-O 8. O-O
a6 9. Nd5 b5 10. Nxf6+ Qxf6 11. Bd5 Bb7 12. b4 Bb6 13. c3 Rab8 14. a4 Ne7 15.
Bxb7 Rxb7 16. Re1 c6 17. axb5 axb5 18. Qe2 Rbb8 19. Ra2 Qe6 20. Be3 Bxe3 21.
fxe3 d5 22. exd5 Nxd5 23. Qd2 Nxc3 24. Rc2 Na4 25. d4 Rbd8 26. Nxe5 Rc8 27.
Rec1 Rfe8 28. Rxc6 Rxc6 29. Rxc6 Qe7 30. Qa2 Qxb4 31. Qxf7+ Kh7 32. Qg6+ Kg8
33. Qxe8+ Kh7 34. Qg6+ Kg8 35. Rc8+ Qf8 36. Rxf8+ Kxf8 37. Qf7# 1-0

[Event "Youth Classic 2018 - Youth Open U14"]
[Site "Bad Soden-Neuenhain, Bürgerhau"]
[Date "2018.10.01"]
[Round "5.13"]
[White "Richter, Tim"]
[Black "Nastassine, Tatiana"]
[Result "1-0"]
[WhiteElo "1115"]
[BlackElo "737"]
[PlyCount "115"]
[EventDate "2018.??.??"]
[WhiteTeam "SF Heidesheim"]
[BlackTeam "Frankfurter TV"]

1. d4 d5 2. Bf4 Nc6 3. Nf3 Nf6 4. e3 a6 5. c4 e6 6. Nc3 Bb4 7. Qd2 Ne4 8. Qc2
Bd7 9. a3 Bxc3+ 10. bxc3 Na5 11. c5 Nc6 12. Bd3 Nf6 13. h3 Ne7 14. O-O O-O 15.
Rfc1 Nf5 16. Ne5 Qe7 17. c4 c6 18. cxd5 cxd5 19. Nf3 Rac8 20. Bxf5 exf5 21. Bd6
Qe6 22. Bxf8 Rxf8 23. Ne5 Bc8 24. c6 Nh5 25. Qe2 g6 26. cxb7 Bxb7 27. Rc7 Ba8
28. Ra7 Qf6 29. Qxa6 Qg5 30. Rxa8 Qe7 31. Rxf8+ Kxf8 32. Qa8+ Kg7 33. Qxd5 Qf6
34. a4 f4 35. g4 fxg3 36. Qxf7+ Qxf7 37. Nxf7 Kxf7 38. a5 gxf2+ 39. Kxf2 Nf6
40. a6 Ne4+ 41. Kg2 Nf6 42. a7 Kg7 43. a8=Q Kh6 44. Qf8+ Kg5 45. h4+ Kf5 46.
Rf1+ Ke4 47. Qxf6 Kd3 48. e4 Kc4 49. Rc1+ Kd3 50. Qf3+ Kxd4 51. e5 g5 52. Qe2
Kd5 53. e6 Kd6 54. e7 Kd5 55. Rd1+ Kc5 56. Qc2+ Kb5 57. Rb1+ Ka5 58. Qa2# 1-0

[Event "Youth Classic 2018 - Youth Open U14"]
[Site "Bad Soden-Neuenhain, Bürgerhau"]
[Date "2018.10.01"]
[Round "5.14"]
[White "Wisniewski, Niklas Lorenz"]
[Black "Welker, Alexandra"]
[Result "1/2-1/2"]
[WhiteElo "977"]
[BlackElo "1308"]
[PlyCount "115"]
[EventDate "2018.??.??"]
[WhiteTeam "SC Bad Soden"]
[BlackTeam "TuS Makkabi"]

1. e4 c6 2. Nc3 d5 3. exd5 cxd5 4. d4 Bf5 5. Nf3 Nc6 6. Bd3 Bxd3 7. Qxd3 Nf6 8.
Bg5 e6 9. Ne5 h6 10. Bh4 Bd6 11. Qb5 a6 12. Nxc6 axb5 13. Nxd8 Rxd8 14. Bxf6
gxf6 15. Nxb5 Rg8 16. g3 Kd7 17. Nxd6 Kxd6 18. Rc1 Ra8 19. a3 Ra4 20. c3 e5 21.
Rd1 exd4 22. Rxd4 Re8+ 23. Kd2 Rxd4+ 24. cxd4 Rc8 25. Rc1 Rxc1 26. Kxc1 Kc6 27.
Kc2 Kb5 28. Kc3 Ka4 29. f3 Kb5 30. h3 f5 31. g4 fxg4 32. fxg4 f6 33. b3 Ka5 34.
Kd3 b5 35. Ke3 b4 36. axb4+ Kxb4 37. Kd3 Kxb3 38. h4 Kb2 39. h5 Kb3 40. Kd2 Kc4
41. Ke3 Kc3 42. Kf4 Kxd4 43. Kf5 Ke3 44. Kxf6 d4 45. g5 d3 46. g6 d2 47. g7
d1=Q 48. g8=Q Qf3+ 49. Kg7 Qxh5 50. Qe6+ Kd3 51. Qb3+ Kd4 52. Qb4+ Ke3 53. Qb3+
Kf4 54. Qb4+ Kg5 55. Qd2+ Kg4 56. Qxh6 Qe5+ 57. Qf6 Qxf6+ 58. Kxf6 1/2-1/2

[Event "Youth Classic 2018 - Youth Open U14"]
[Site "Bad Soden-Neuenhain, Bürgerhau"]
[Date "2018.10.01"]
[Round "5.15"]
[White "Gold, Jan Christian"]
[Black "Gärtner, Johannes"]
[Result "1-0"]
[WhiteElo "831"]
[BlackElo "1071"]
[PlyCount "149"]
[EventDate "2018.??.??"]
[WhiteTeam "SK Bad Homburg"]
[BlackTeam "SF Heidesheim"]

1. d4 d5 2. c4 dxc4 3. Nc3 a6 4. a4 Nc6 5. Nf3 Na5 6. Bd2 e6 7. Ne4 Nc6 8. Bf4
Bb4+ 9. Bd2 Nf6 10. Nxf6+ Qxf6 11. Bxb4 Nxb4 12. e3 Bd7 13. Bxc4 O-O 14. Qb3
Qe7 15. O-O b5 16. axb5 Bxb5 17. Bxb5 axb5 18. Ra3 c5 19. dxc5 Qxc5 20. Rfa1
Rxa3 21. bxa3 Nd5 22. Ng5 Rc8 23. h3 h6 24. Ne4 Qc4 25. Qxc4 bxc4 26. Rc1 c3
27. a4 f5 28. Nd6 Rc6 29. Nb5 Kf7 30. f3 Nxe3 31. Rxc3 Rxc3 32. Nxc3 Nc4 33.
Kf2 Ke7 34. Ke2 Kd6 35. Kd3 Kc5 36. Nb5 Nb2+ 37. Ke3 Nxa4 38. Nc7 Kd6 39. Ne8+
Ke7 40. Nxg7 Kf7 41. Nh5 e5 42. f4 e4 43. Kd4 Kg6 44. g4 Nb6 45. Ng3 Nd7 46.
Nxf5 Nf6 47. Nd6 h5 48. gxh5+ Kxh5 49. Nxe4 Nh7 50. Ke5 Nf8 51. Nf6+ Kh4 52.
Kd6 Kxh3 53. f5 Kh4 54. Ng8 Nh7 55. Ke6 Kg5 56. Ne7 Kh6 57. Kf7 Ng5+ 58. Kf6
Nh7+ 59. Ke6 Ng5+ 60. Kd7 Nh7 61. Ke8 Nf6+ 62. Kf7 Nh7 63. Ng8+ Kg5 64. Ke6 Kh5
65. Nf6+ Nxf6 66. Kxf6 Kh6 67. Ke7 Kg7 68. f6+ Kg8 69. f7+ Kg7 70. f8=Q+ Kg6
71. Qf6+ Kh7 72. Qf5+ Kh6 73. Qg4 Kh7 74. Kf7 Kh6 75. Qg6# 1-0

[Event "Youth Classic 2018 - Youth Open U14"]
[Site "Bad Soden-Neuenhain, Bürgerhau"]
[Date "2018.10.01"]
[Round "5.17"]
[White "Coskun, Eray"]
[Black "Edelmann, Anastasija"]
[Result "0-1"]
[WhiteElo "1015"]
[BlackElo "864"]
[PlyCount "34"]
[EventDate "2018.??.??"]
[WhiteTeam "SC Flörsheim"]
[BlackTeam "SC Frankfurt-West"]

1. e4 e5 2. Nf3 Nc6 3. Bc4 Nf6 4. d3 Bc5 5. Bg5 d6 6. h3 h6 7. Bh4 g5 8. Bg3
Nh5 9. Bh2 Qf6 10. O-O Qg6 11. Nc3 g4 12. hxg4 Bxg4 13. Nd5 O-O 14. Bb5 Bh3 15.
g3 Nxg3 16. Bxg3 Qxg3+ 17. Kh1 Qg2# 0-1

[Event "Youth Classic 2018 - Youth Open U14"]
[Site "Bad Soden-Neuenhain, Bürgerhau"]
[Date "2018.10.01"]
[Round "5.19"]
[White "Nonn, Julian"]
[Black "Leithoff, Hans-Georg"]
[Result "0-1"]
[WhiteElo "802"]
[BlackElo "1413"]
[PlyCount "54"]
[EventDate "2018.??.??"]
[WhiteTeam "SVG Eppstein"]
[BlackTeam "SV Eisenach"]

1. e4 c6 2. Nf3 g6 3. Bc4 d5 4. exd5 cxd5 5. Bb3 Bg7 6. Nc3 Nf6 7. d4 Nc6 8.
Bf4 O-O 9. O-O Bg4 10. Qd2 Bxf3 11. gxf3 Nh5 12. Bg3 Nxd4 13. Bxd5 e6 14. Bxb7
Rb8 15. Be4 Nxf3+ 16. Kg2 Nxd2 17. Rfd1 Nxg3 18. Kxg3 Nxe4+ 19. Kf3 Ng5+ 20.
Kg4 Rb4+ 21. Kg3 Be5+ 22. Kg2 Qa8+ 23. Kf1 Nh3 24. Re1 Qf3 25. Re2 Bxc3 26.
bxc3 Re4 27. Rae1 Qh1# 0-1

[Event "Youth Classic 2018 - Youth Open U14"]
[Site "Bad Soden-Neuenhain, Bürgerhau"]
[Date "2018.10.01"]
[Round "5.20"]
[White "Li, Toplink"]
[Black "Akhmatovski, Maxim"]
[Result "1/2-1/2"]
[WhiteElo "834"]
[BlackElo "1056"]
[PlyCount "59"]
[EventDate "2018.??.??"]
[WhiteTeam "Frankfurter TV"]
[BlackTeam "SV Oberursel"]

1. e4 e5 2. Nf3 Nc6 3. Bb5 a6 4. Bxc6 dxc6 5. Nc3 Bd6 6. d3 h6 7. Be3 Nf6 8.
O-O O-O 9. h3 Be6 10. Qd2 Nd7 11. Rfb1 c5 12. a3 c6 13. b4 c4 14. Qe2 cxd3 15.
cxd3 Qc7 16. Nd2 b5 17. f3 c5 18. bxc5 Bxc5 19. Rc1 Bxe3+ 20. Qxe3 Qb6 21. Qxb6
Nxb6 22. Ne2 Rfc8 23. f4 f6 24. fxe5 fxe5 25. d4 exd4 26. Nxd4 Re8 27. Rc6 Nc4
28. Nxe6 Nxd2 29. Nc7 Rac8 30. Rac1 1/2-1/2

[Event "Youth Classic 2018 - Youth Open U14"]
[Site "Bad Soden-Neuenhain, Bürgerhau"]
[Date "2018.10.02"]
[Round "6.1"]
[White "Zhu, Andy"]
[Black "Gallasch, Jonas"]
[Result "0-1"]
[WhiteElo "1444"]
[BlackElo "2045"]
[PlyCount "130"]
[EventDate "2018.??.??"]
[WhiteTeam "Frankfurter TV"]
[BlackTeam "SG Porz"]

1. e4 c6 2. d4 d5 3. exd5 cxd5 4. c4 Nf6 5. Nc3 g6 6. Qb3 Bg7 7. cxd5 O-O 8.
Nge2 Nbd7 9. g3 Nb6 10. Bg2 e6 11. Nf4 exd5 12. O-O Re8 13. Be3 Be6 14. Rfe1
Qd7 15. Nd3 Ne4 16. f3 Nxc3 17. bxc3 Qc6 18. f4 Qc4 19. Nc5 Rab8 20. Bf2 Bf8
21. Nxe6 fxe6 22. Bh3 Kf7 23. Re3 Re7 24. Rae1 Rbe8 25. g4 Bg7 26. Bg3 Qxb3 27.
axb3 Nd7 28. Rf3 Nf6 29. Bh4 Rc7 30. f5 exf5 31. Rxe8 Nxe8 32. gxf5 Rxc3 33.
fxg6+ Kxg6 34. Rg3+ Rxg3+ 35. Bxg3 Bxd4+ 36. Kf1 Bc5 37. Bg2 Nf6 38. Ke2 Ne4
39. Be1 Kf5 40. Bd2 Nxd2 41. Kxd2 Ke5 42. Kd3 a5 43. Bh3 Kd6 44. Bf5 h6 45. Kc3
Bb4+ 46. Kd4 Be1 47. h3 Bf2+ 48. Kc3 Kc5 49. Be6 d4+ 50. Kc2 Kb4 51. Bd7 Be1
52. Bf5 Bc3 53. Be6 b5 54. Kd1 d3 55. h4 d2 56. Kc2 a4 57. bxa4 bxa4 58. Bg4
Kc4 59. Bd1 a3 60. Kb1 Bb2 61. h5 Kc3 62. Bc2 Bc1 63. Bd1 Kd3 64. Bg4 Ke3 65.
Kc2 a2 0-1

[Event "Youth Classic 2018 - Youth Open U14"]
[Site "Bad Soden-Neuenhain, Bürgerhau"]
[Date "2018.10.02"]
[Round "6.2"]
[White "Haack, Kevin"]
[Black "Riemann, Jonas"]
[Result "1/2-1/2"]
[WhiteElo "1870"]
[BlackElo "1785"]
[PlyCount "115"]
[EventDate "2018.??.??"]
[WhiteTeam "SC Bad Soden"]
[BlackTeam "SK Bickenbach"]

1. c4 Nf6 2. Nc3 e6 3. e4 d5 4. e5 Ne4 5. cxd5 Nxc3 6. bxc3 exd5 7. d4 c5 8.
Nf3 Nc6 9. Bd3 Bg4 10. Be2 Bf5 11. O-O Be7 12. Qb3 Rb8 13. Bf4 c4 14. Qb2 Be6
15. Qd2 h6 16. Bd1 b5 17. a3 a5 18. Bc2 Na7 19. Rfb1 Rb7 20. Qe1 Qc8 21. Bd2
Bf5 22. Bxf5 Qxf5 23. a4 Qd7 24. e6 Qxe6 25. Qxe6 fxe6 26. axb5 Rxb5 27. Rxb5
Nxb5 28. Rxa5 Nd6 29. Ra8+ Bd8 30. Ra6 Ke7 31. Ra7+ Kf6 32. Bf4 Nf7 33. Ne5 Be7
34. Ng4+ Kf5 35. Rxe7 Kxf4 36. Rxf7+ Kxg4 37. Rxg7+ Kf5 38. Rg3 Rb8 39. Rf3+
Kg6 40. g4 Rb3 41. Re3 Kf6 42. Kg2 Rb2 43. h3 Rc2 44. Kg3 Kf7 45. f4 Rc1 46.
Kh4 Rf1 47. Kh5 Rxf4 48. Kxh6 Kf6 49. Rg3 e5 50. g5+ Kf7 51. Rg4 Rxg4 52. hxg4
exd4 53. Kh7 d3 54. g6+ Ke7 55. g7 d2 56. g8=Q d1=Q 57. Qg7+ Kd6 58. Qf6+
1/2-1/2

[Event "Youth Classic 2018 - Youth Open U14"]
[Site "Bad Soden-Neuenhain, Bürgerhau"]
[Date "2018.10.02"]
[Round "6.3"]
[White "Lorenz, Alexander"]
[Black "Gräf, Jakob"]
[Result "0-1"]
[WhiteElo "1748"]
[BlackElo "1520"]
[PlyCount "110"]
[EventDate "2018.??.??"]
[WhiteTeam "SV Bergwinkel"]
[BlackTeam "SV Frankfurt Nord"]

1. e4 c6 2. d4 d5 3. Nc3 dxe4 4. Nxe4 Bf5 5. Ng3 Bg6 6. h4 h6 7. Nf3 Nd7 8. h5
Bh7 9. Bd3 Bxd3 10. Qxd3 Ngf6 11. c3 e6 12. Be3 Bd6 13. Ne4 Nxe4 14. Qxe4 Nf6
15. Qc2 Qc7 16. O-O-O O-O-O 17. Kb1 Nd5 18. Nd2 Bf4 19. Bxf4 Qxf4 20. Nc4 Qc7
21. g3 f6 22. Rde1 Rde8 23. Qb3 Nb6 24. Nxb6+ Qxb6 25. Rxe6 Qxb3 26. Rxe8+ Rxe8
27. axb3 Re2 28. Rf1 Kd7 29. g4 Ke6 30. f3 a5 31. Kc1 b5 32. c4 Kd6 33. Rd1 Re3
34. d5 Rxb3 35. c5+ Kd7 36. d6 Re3 37. Kd2 Re5 38. Re1 Rd5+ 39. Ke3 Rxc5 40.
Kf4 Kxd6 41. Re8 Rc2 42. Rg8 Rxb2 43. Rxg7 a4 44. Kf5 a3 45. Kg6 a2 46. Ra7 b4
47. Kxh6 b3 48. Kg7 Rh2 49. h6 Rxh6 50. Kxh6 b2 51. Rxa2 b1=Q 52. Rd2+ Ke7 53.
Kg7 Qb3 54. Re2+ Kd7 55. Kxf6 Qxf3+ 0-1

[Event "Youth Classic 2018 - Youth Open U14"]
[Site "Bad Soden-Neuenhain, Bürgerhau"]
[Date "2018.10.02"]
[Round "6.4"]
[White "Abou Wally, Adrian"]
[Black "Markosyan, Aleksandr"]
[Result "1-0"]
[WhiteElo "1313"]
[BlackElo "1559"]
[PlyCount "107"]
[EventDate "2018.??.??"]
[WhiteTeam "SV Schott Jena"]
[BlackTeam "SG Idstein"]

1. e4 c5 2. Nf3 g6 3. Bc4 Bg7 4. Nc3 Nc6 5. d3 e6 6. O-O a6 7. a4 Nge7 8. Bf4
O-O 9. Qd2 d5 10. exd5 exd5 11. Bb3 Bg4 12. Ne1 Re8 13. h3 Be6 14. Qe2 Nd4 15.
Qd2 Qb6 16. a5 Nxb3 17. axb6 Nxd2 18. Bxd2 Nc8 19. Na4 Bf8 20. Nf3 Bd7 21. Ba5
Re2 22. Rfc1 Bxa4 23. Rxa4 Nd6 24. d4 Nc4 25. b3 Nb2 26. Raa1 Rae8 27. Bc3 Bh6
28. Re1 Rxe1+ 29. Nxe1 cxd4 30. Bxb2 Re2 31. Bxd4 Bd2 32. Kf1 Re4 33. Nf3 Rxd4
34. Nxd4 Bc3 35. Rd1 Kf8 36. Nf3 Ke7 37. Rxd5 Ke6 38. Rd3 Ba5 39. Ng5+ Ke7 40.
Ne4 Bxb6 41. Nc3 Ke6 42. Ke2 h5 43. Na4 Ba7 44. Kf3 g5 45. g4 h4 46. Rd2 b5 47.
Nb2 Bc5 48. Re2+ Kf6 49. Nd3 Bd6 50. Re8 a5 51. Ra8 Bc7 52. Ra7 Bd8 53. Rd7 Be7
54. Rd5 1-0

[Event "Youth Classic 2018 - Youth Open U14"]
[Site "Bad Soden-Neuenhain, Bürgerhau"]
[Date "2018.10.02"]
[Round "6.6"]
[White "Mader, Fabian"]
[Black "Burkart, Lloyd Shang"]
[Result "0-1"]
[WhiteElo "1204"]
[BlackElo "1157"]
[PlyCount "140"]
[EventDate "2018.??.??"]
[WhiteTeam "VfR-SC Koblenz"]
[BlackTeam "TuS Makkabi"]

1. e4 c5 2. Nf3 e6 3. c3 d5 4. e5 d4 5. b4 dxc3 6. bxc5 cxd2+ 7. Nbxd2 Bxc5 8.
Qa4+ Bd7 9. Bb5 Ne7 10. O-O O-O 11. Ne4 Bxb5 12. Qxb5 b6 13. Nxc5 bxc5 14. Qxc5
Nd5 15. Ba3 Nd7 16. Qc2 Re8 17. Rab1 N7b6 18. Rfc1 Rc8 19. Qb3 Qd7 20. g3 h6
21. Nd2 Red8 22. Ne4 Rxc1+ 23. Rxc1 Rc8 24. Rd1 Qa4 25. Qxa4 Nxa4 26. Rd2 Nab6
27. Nd6 Rc3 28. Nb5 Rf3 29. Bc5 a6 30. Nd6 Rc3 31. Ne4 Rc4 32. f3 Nd7 33. Bd6
Rc6 34. Kg2 h5 35. f4 N7b6 36. Nc5 Nc4 37. Rd4 Nxd6 38. exd6 Rxd6 39. Kf3 Kf8
40. Ke4 Ke7 41. Ra4 Nc3+ 42. Ke3 Nxa4 43. Nxa4 f5 44. h4 Kf6 45. Nb2 Rb6 46.
Nc4 Rb1 47. a3 Rb3+ 48. Kf2 Rc3 49. Ne5 Rxa3 50. Nd7+ Ke7 51. Nc5 Ra5 52. Nb3
Rd5 53. Ke2 a5 54. Nxa5 Rxa5 55. Ke3 Kd6 56. Kd3 Ra3+ 57. Ke2 Rxg3 58. Kf2 Rg4
59. Kf3 Rxh4 60. Kg3 Rg4+ 61. Kh3 Rxf4 62. Kg3 e5 63. Kg2 e4 64. Kg3 Ke5 65.
Kg2 e3 66. Kh2 e2 67. Kg2 e1=Q 68. Kh3 Qf1+ 69. Kg3 Rg4+ 70. Kh2 Qg2# 0-1

[Event "Youth Classic 2018 - Youth Open U14"]
[Site "Bad Soden-Neuenhain, Bürgerhau"]
[Date "2018.10.02"]
[Round "6.7"]
[White "Plaumann, Arvin"]
[Black "Haller, Christian"]
[Result "1-0"]
[WhiteElo "1269"]
[BlackElo "1160"]
[PlyCount "49"]
[EventDate "2018.??.??"]
[WhiteTeam "SF Heidesheim"]
[BlackTeam "SC Bad Soden"]

1. e4 e5 2. Nf3 Nc6 3. Bc4 Bc5 4. d3 h6 5. c3 Nf6 6. Bb3 d6 7. Nbd2 O-O 8. Nf1
Bg4 9. h3 Bh5 10. g4 Bg6 11. Ng3 d5 12. Qe2 d4 13. Nh4 Bh7 14. Nhf5 Bxf5 15.
Nxf5 Ne7 16. Rg1 Ng6 17. g5 hxg5 18. Rxg5 Kh8 19. Rh5+ Kg8 20. Rg5 Kh8 21. Qf3
Ne8 22. Qh5+ Kg8 23. Nh6+ gxh6 24. Rxg6+ Ng7 25. Qxh6 1-0

[Event "Youth Classic 2018 - Youth Open U14"]
[Site "Bad Soden-Neuenhain, Bürgerhau"]
[Date "2018.10.02"]
[Round "6.8"]
[White "Schmid, Leon"]
[Black "Czinkota, Michael"]
[Result "1-0"]
[WhiteElo "1144"]
[BlackElo "1267"]
[PlyCount "99"]
[EventDate "2018.??.??"]
[WhiteTeam "SF Heidesheim"]
[BlackTeam "SC Bad Soden"]

1. e4 e5 2. Nf3 Nc6 3. Nc3 Nf6 4. Bc4 Bc5 5. O-O d6 6. h3 O-O 7. d3 Na5 8. Bb3
Nxb3 9. axb3 Nh5 10. Nd5 c6 11. Ng5 Nf4 12. Nxf4 Qxg5 13. Ne6 Qg6 14. Nxf8 Kxf8
15. Qf3 Be6 16. Re1 Kg8 17. Be3 Rf8 18. Bxc5 dxc5 19. Rxa7 f5 20. Rxb7 h5 21.
Qg3 Qf6 22. exf5 Bxf5 23. Qxe5 Qg6 24. Qg3 Qf6 25. Re5 h4 26. Qe3 g5 27. Qxc5
Kh8 28. Ra7 g4 29. Ra5 Bg6 30. Rh5+ Kg8 31. Qc4+ Rf7 32. Qxg4 Qxf2+ 33. Kh2
Qg3+ 34. Qxg3 hxg3+ 35. Kxg3 Bxh5 36. Rxh5 Rg7+ 37. Kh2 c5 38. Rxc5 Re7 39. Rc3
Re2 40. b4 Kg7 41. b5 Kf6 42. Rc4 Kf5 43. b6 Kg5 44. b7 Re8 45. Rc8 Re7 46.
b8=Q Rf7 47. Rg8+ Kh6 48. Qd6+ Rf6 49. Qxf6+ Kh5 50. Qg5# 1-0

[Event "Youth Classic 2018 - Youth Open U14"]
[Site "Bad Soden-Neuenhain, Bürgerhau"]
[Date "2018.10.02"]
[Round "6.9"]
[White "Goetz, Fenja"]
[Black "Politoukhin, Nikolaj"]
[Result "1-0"]
[WhiteElo "1343"]
[BlackElo "982"]
[PlyCount "55"]
[EventDate "2018.??.??"]
[WhiteTeam "SK Bad Homburg"]
[BlackTeam "SC Flörsheim"]

1. e4 d5 2. exd5 Qxd5 3. Nc3 Qa5 4. d4 Nf6 5. Bc4 c6 6. Bd2 Bf5 7. Nd5 Qd8 8.
Nxf6+ exf6 9. Ne2 Bd6 10. O-O O-O 11. Ng3 Be6 12. Bxe6 fxe6 13. c3 c5 14. Qb3
Qd7 15. dxc5 Bxg3 16. hxg3 Na6 17. Be3 Rfc8 18. Rad1 Qc6 19. Rfe1 Kf7 20. Rd6
Qe4 21. Bd2 Qf5 22. Qxb7+ Nc7 23. Rd7+ Kg6 24. Rxc7 e5 25. Rxg7+ Kh5 26. Qf7+
Qg6 27. Rxh7+ Kg4 28. Qxg6# 1-0

[Event "Youth Classic 2018 - Youth Open U14"]
[Site "Bad Soden-Neuenhain, Bürgerhau"]
[Date "2018.10.02"]
[Round "6.10"]
[White "Edelmann, Anastasija"]
[Black "von Beckh, Frieda"]
[Result "0-1"]
[WhiteElo "864"]
[BlackElo "1262"]
[PlyCount "54"]
[EventDate "2018.??.??"]
[WhiteTeam "SC Frankfurt-West"]
[BlackTeam "SC Eschborn"]

1. e4 c5 2. Nf3 g6 3. Nc3 Nc6 4. d4 cxd4 5. Nxd4 Bg7 6. Nxc6 bxc6 7. Bd3 Nf6 8.
Qf3 O-O 9. e5 Nh5 10. Bc4 Bxe5 11. Bh6 Bg7 12. Bxg7 Kxg7 13. O-O-O Nf6 14. Nd5
cxd5 15. Bxd5 Rb8 16. Qe3 Qb6 17. Rd4 Qxb2+ 18. Kd2 Nxd5 19. Rxd5 Qb4+ 20. c3
Qb2+ 21. Kd3 Ba6+ 22. Kd4 Qb6+ 23. Rc5 Qf6+ 24. Re5 d6 25. f4 dxe5+ 26. fxe5
Rfd8+ 27. Kc5 Qb6# 0-1

[Event "Youth Classic 2018 - Youth Open U14"]
[Site "Bad Soden-Neuenhain, Bürgerhau"]
[Date "2018.10.02"]
[Round "6.12"]
[White "Ruppert, Henry"]
[Black "Richter, Tim"]
[Result "1-0"]
[WhiteElo "1162"]
[BlackElo "1115"]
[PlyCount "41"]
[EventDate "2018.??.??"]
[WhiteTeam "SC Flörsheim"]
[BlackTeam "SF Heidesheim"]

1. e4 e6 2. d4 d5 3. Nd2 Nf6 4. e5 Nfd7 5. f4 Nc6 6. Ndf3 Nb6 7. c3 Be7 8. Bd3
f5 9. Ne2 h6 10. Be3 g5 11. h3 Bd7 12. Qd2 Rg8 13. O-O-O Rg7 14. g4 Kf7 15. Ng3
gxf4 16. Bxf4 fxg4 17. hxg4 Rxg4 18. Rxh6 Bf8 19. Rh7+ Rg7 20. Rxg7+ Bxg7 21.
Bg5 1-0